000 00897nam2a22002171 4500
001 RU\NLR\A1SV\140600
005 20251214192610.0
035 _a(NLR Aleph) 010781971
090 _a13491836
_c13491836
100 _a20150608d1922 u y0rusy50 ca
101 0 _arus
200 0 _aЧ.1
210 _d1922
215 _a111 с.
461 1 _1001RU\NLR\A1SV\140599
_12000#$aУчебник английского языка$fСост. Р.О.Эрч и И.Ч.Эрч$gПерепеч. со 2-го изд.$vЧ.1
_1700#1$aЭрч$bР.О.$gРеджинальд Оливерович
_910072657
_aЭрч, Р.О.
_cИваново-Вознесенск
_d1922
_fСост. Р.О.Эрч и И.Ч.Эрч
_nИзд. бюро при И.-В. П.И.
_tУчебник английского языка
_vЧ.1
801 0 _aRU
_bNLR
_c20150608
852 _aNLR
_j38.3.6.16
942 _cBOOK
980 _aA1SV
980 _aNB